000 00585nam a2200229Ia 4500
001 1980
003 GE_BSU
008 181216s||||||||xx |||||||||||||| ||und||
020 _a9785969201173
040 _cGE_BSU
080 _a343(075.8)
245 _aУголовный процесс
245 _bУчебник
245 _cПод ред.Божьева В.П.
260 _aМосква
260 _bВысшее образование
260 _c2007
300 _a524стр. 20см.
541 _h15л.
653 _aУголовный процесс
942 _cBK
999 _c36080
_d36080